Chinese painting : ideas and inspiration
| Main Author: | |
|---|---|
| Format: | Book |
| Published: |
London :
Studio Vista ,
1995
|
| Subjects: |
MARC
| LEADER | 00000cam a2200000 7i4500 | ||
|---|---|---|---|
| 001 | 0000009600 | ||
| 002 | 000010461 | ||
| 005 | 20000330.0 | ||
| 020 | |a 0289801311 | ||
| 090 | 0 | 0 | |a 751.4251 |b FRA |
| 100 | 0 | |a Franklin-Carrier, Marguerite | |
| 245 | 1 | 0 | |a Chinese painting : |b ideas and inspiration |c Marguerite Franklin-Carrier |
| 260 | |a London : |b Studio Vista , |c 1995 | ||
| 300 | |a 126 p. : |b ill. ; |c 27 cm. | ||
| 650 | 0 | 0 | |a Painting, Chinese |
| 999 | |a 048872 |b BUKU |c PINJAMAN |e PERPUSTAKAAN KOMUNITI PETALING JAYA | ||